Sinfonía del águila / (Registro nro. 12639)

Detalles MARC
000 -LIDER
fixed length control field 00582nam a22001937a 4500
003 - IDENTIFICACDOR DE NÚMERO DE CONTROL
control field DO-SdBNP
005 - DATE AND TIME OF LATEST TRANSACTION
control field 20171023112020.0
008 - ELEMENTOS DE LONGITUD FIJA
fixed length control field 171019b 2006|||| |||| 00| 0 spa d
020 ## - ISBN
International Standard Book Number 9789945160154
040 ## - FUENTE DE CATALOGACIÓN
Agencia que crea de manera original el registro BPMSU
Idioma de catalogación spa
Agencia que realiza la transcripción BPMSU
100 1# - ASIENTO PRINCIPAL -- NOMBRE PERSONAL
Nombre personal Solano, Miguel
245 10 - MENCIÓN DE TITULO
Título Sinfonía del águila /
Mención de responsabilidad Miguel Solano
260 ## - PUBLICACIÓN, DISTRIBUCIÓN, ETC. (PIE DE IMPRENTA)
Lugar de publicación, distribución, etc Santo Domingo :
Nombre del editor, distribuidor, etc. Ediciones AQI ;
Fecha de publicación, distribución, etc 2006
300 ## - DESCRIPCIÓN FÍSICA
Extensión 105 p. :
Dimensiones 22 cm.
500 ## - NOTA GENERAL
Nota general Incluye datos biográficos del autor en la solapa de la cubierta
942 ## - ADDED ENTRY ELEMENTS (KOHA)
Source of classification or shelving scheme Dewey Decimal Classification
Koha item type Libros
945 ## - INFORMACIÓN DE PROCESAMIENTO LOCAL
Información de procesamiento local Inventariado / 2017 VM
956 ## - LOCAL ELECTRONIC LOCATION AND ACCESS (OCLC)
Nombre de host BTAVAREZ
Número de acceso 10
Información de compresión 20171019
Trayectoria 0038
Existencias
Withdrawn status Lost status Source of classification or shelving scheme Damaged status Not for loan Collection code Home library Current library Date acquired Total Checkouts Barcode Date last seen Price effective from Koha item type
    Dewey Decimal Classification     Colección Dominicana Biblioteca Pública Metropolitana Salomé Ureña Biblioteca Pública Metropolitana Salomé Ureña 10/19/2017   BPMSU17100069 10/19/2017 10/19/2017 Libros